000 00663nam a2200145 a 4500
001 000030546
005 20200930062354.0
008 110523q1936 dr c 000 | spa d
040 _aDO-SdBNP
_bspa
_cBNPHU
110 1 _aRepública Dominicana.
_bPresidente (1942-1952 : Trujillo Molina)
_957164
245 1 0 _aDiscurso pronunciado por el generalísimo Doctor Rafael Leónidas Trujillo Molina, Presidente de la República, benefactor de la patria, en la gran Revista celebrada en Monseñor Nouel, el 28 de junio de 1936.
260 _aCiudad Trujillo, República Dominicana :
_bImprenta Listín Diario,
_c[1936].
300 _a8 p. :
_bretr. ;
_c22 cm.
049 _aBNPD
999 _c30038
_d30038